000 00354nam a2200145Ia 4500
008 230718s9999 xx 000 0 und d
041 _aEng.
082 _a341.4
_bHUS-I
100 _aHussain,Ashfaq Raja
245 0 _aInternational judicial Conference
260 _aPakistan
_bIslamabad,Pakistan
_c2013
300 _a455
650 _aLaw
999 _c30611
_d30611